[Event "FRA T I 120102011"]
[Site "FRA"]
[Date "2010.11.13"]
[Round "2.1"]
[White "Houard, Sebastien"]
[Black "Bonnafous, Michel"]
[Result "1/2-1/2"]
[WhiteElo "2141"]
[BlackElo "2076"]
[PlyCount "87"]
[EventDate "2010.10.17"]
[EventType "team-match"]
[EventRounds "9"]
[EventCountry "FRA"]
[Source "FFE"]
[SourceDate "2010.10.29"]
[WhiteTeamCountry "FRA"]
[BlackTeamCountry "FRA"]

1. e4 g6 2. Nc3 Nf6 3. d4 d5 4. exd5 Nbd7 5. Nf3 Nb6 6. Ne5 Nfxd5 7. Bb5+ c6 8.
Nxc6 Nxc3 9. Nxd8+ Nxb5 10. Nxf7 Kxf7 11. Qf3+ Bf5 12. c3 h5 13. Bf4 Nd6 14.
Be5 Rh7 15. O-O Kg8 16. Rfe1 Bh6 17. a4 Bg4 18. Qg3 Rd8 19. f3 Bf5 20. h4 Nd5
21. Qf2 Nc4 22. f4 Rf7 23. g3 Ncb6 24. a5 Nd7 25. Qg2 e6 26. Rad1 Rc8 27. Rd2
Bf8 28. Qe2 a6 29. Qd1 N7f6 30. Bxf6 Nxf6 31. Qf3 Rc6 32. Qg2 Bd6 33. Rde2 Bc7
34. Ra1 Bd3 35. Re3 Bc4 36. Qc2 Ng4 37. Ree1 Bd5 38. Qxg6+ Rg7 39. Qe8+ Kh7 40.
Qxh5+ Kg8 41. Qe8+ Kh7 42. Qh5+ Kg8 43. Qe8+ Kh7 44. Qh5+ 1/2-1/2

[Event "FRA T I 120102011"]
[Site "FRA"]
[Date "2010.11.13"]
[Round "2.2"]
[White "Matsuo, Tomohiko"]
[Black "Di Paolo, Raffaele"]
[Result "0-1"]
[WhiteElo "2213"]
[BlackElo "2336"]
[PlyCount "88"]
[EventDate "2010.10.17"]
[EventType "team-match"]
[EventRounds "9"]
[EventCountry "FRA"]
[Source "FFE"]
[SourceDate "2010.10.29"]
[WhiteTeamCountry "FRA"]
[BlackTeamCountry "FRA"]

1. e4 e6 2. d4 d5 3. Nd2 Be7 4. Bd3 c5 5. c3 cxd4 6. cxd4 Nc6 7. Ngf3 dxe4 8.
Nxe4 Nf6 9. O-O O-O 10. Re1 Bd7 11. Bd2 Qb6 12. Ne5 Be8 13. Re3 g6 14. Rh3 Nxe4
15. Bxe4 Qxd4 16. Nxc6 Bxc6 17. Bxc6 bxc6 18. Qc1 Qd5 19. Bc3 Qg5 20. Bd2 Qc5
21. Rc3 Qd5 22. Rxc6 Rfd8 23. Rc2 Bf6 24. Bc3 Bxc3 25. Rxc3 Rab8 26. h3 Qd4 27.
b3 Qg7 28. Rc7 Rb5 29. Rc4 Qe5 30. Rb1 Rbd5 31. Qf4 Qe2 32. Ra4 Rf5 33. Qe3
Qxe3 34. fxe3 a5 35. Rf1 Re5 36. Rf3 Rd1+ 37. Rf1 Rd3 38. Rf3 f5 39. Kf2 Rd2+
40. Kg1 g5 41. Kh2 h5 42. Kg1 Rc5 43. e4 Rc1+ 44. Kh2 h4 0-1

[Event "FRA T I 120102011"]
[Site "FRA"]
[Date "2010.11.13"]
[Round "2.5"]
[White "Wegner, Eric"]
[Black "Spiess, Gregor"]
[Result "0-1"]
[WhiteElo "2098"]
[BlackElo "2130"]
[PlyCount "88"]
[EventDate "2010.10.17"]
[EventType "team-match"]
[EventRounds "9"]
[EventCountry "FRA"]
[Source "FFE"]
[SourceDate "2010.10.29"]
[WhiteTeamCountry "FRA"]
[BlackTeamCountry "FRA"]

1. Nf3 Nf6 2. c4 d6 3. d4 g6 4. Nc3 Bg7 5. g3 O-O 6. Bg2 c6 7. O-O a6 8. a4 a5
9. h3 Na6 10. d5 Bd7 11. Nd4 Rc8 12. e4 Nc5 13. Be3 Qc7 14. f4 e6 15. Bf2 Rfe8
16. Re1 Rcd8 17. e5 Nh5 18. Nde2 cxd5 19. g4 dxe5 20. gxh5 dxc4 21. Ng3 exf4
22. Nge4 Nd3 23. Bh4 Nxe1 24. Qxe1 Bc6 25. Bf6 Bxe4 26. Nxe4 Bxf6 27. Nxf6+ Kg7
28. Qh4 Qb6+ 29. Kh1 Qxb2 30. Nxe8+ Rxe8 31. Rf1 Qe5 32. Rxf4 c3 33. h6+ Kf8
34. Qf2 Re7 35. Rc4 Rc7 36. Rxc7 Qxc7 37. Qc2 Qg3 38. Qd1 Ke7 39. Qd4 Qc7 40.
Qh4+ f6 41. Qe1 c2 42. Qc1 Qc4 43. Kh2 Qd3 44. Qb2 Qd6+ 0-1

[Event "FRA T I 120102011"]
[Site "FRA"]
[Date "2010.11.14"]
[Round "3.3"]
[White "Moncamp, Gilles"]
[Black "Valles, Manuel"]
[Result "0-1"]
[WhiteElo "2213"]
[BlackElo "2246"]
[PlyCount "86"]
[EventDate "2010.10.17"]
[EventType "team-match"]
[EventRounds "9"]
[EventCountry "FRA"]
[Source "FFE"]
[SourceDate "2010.10.29"]
[WhiteTeamCountry "FRA"]
[BlackTeamCountry "FRA"]

1. e4 c5 2. c3 g6 3. d4 cxd4 4. cxd4 d5 5. e5 Bg7 6. Nc3 Nc6 7. Nge2 f6 8. f4
Nh6 9. Qb3 e6 10. Qa3 Nf5 11. Nb5 Qb6 12. Qc5 Qxc5 13. dxc5 O-O 14. g4 Nh4 15.
exf6 Bxf6 16. Bh3 Nf3+ 17. Kf2 Nfd4 18. Nexd4 Nxd4 19. Nd6 Nc2 20. Rb1 Bd4+ 21.
Kg3 Bxc5 22. Nxc8 Raxc8 23. g5 Rc6 24. Bd2 Be3 25. Bxe3 Nxe3 26. Rhc1 Kf7 27.
Rxc6 bxc6 28. Rc1 Rc8 29. b3 Nf5+ 30. Bxf5 exf5 31. Kf3 Ke6 32. Rc5 Kd6 33. Ra5
Rc7 34. b4 Rb7 35. Ra6 d4 36. b5 Kd5 37. Rxc6 d3 38. Rc8 Kd4 39. Rd8+ Kc3 40.
Rc8+ Kb2 41. Rd8 Kc2 42. Rc8+ Kd1 43. a4 d2 {suite illisible} 0-1

[Event "FRA T I 120102011"]
[Site "FRA"]
[Date "2010.11.13"]
[Round "2.6"]
[White "Nord, Antoine"]
[Black "Ouadi, Wahbi"]
[Result "1-0"]
[WhiteElo "1972"]
[BlackElo "1900"]
[PlyCount "85"]
[EventDate "2010.10.17"]
[EventType "team-match"]
[EventRounds "9"]
[EventCountry "FRA"]
[Source "FFE"]
[SourceDate "2010.10.29"]
[WhiteTeamCountry "FRA"]
[BlackTeamCountry "FRA"]

1. e4 d5 2. exd5 Qxd5 3. Nc3 Qa5 4. Bc4 Nf6 5. d3 c6 6. Bd2 e6 7. Nf3 Be7 8.
Nd5 Qd8 9. Nxe7 Qxe7 10. d4 Ne4 11. O-O Nxd2 12. Qxd2 Nd7 13. Rfe1 O-O 14. Bb3
b6 15. Ne5 Nxe5 16. Rxe5 Bb7 17. Qe3 Rfd8 18. c3 Rac8 19. f4 c5 20. f5 cxd4 21.
cxd4 Rd6 22. fxe6 f6 23. Rh5 Rcd8 24. Qh3 Be4 25. Rd1 Rxd4 26. Rxd4 Rxd4 27.
Qe3 Bg6 28. Qxd4 Bxh5 29. Qd8+ Qe8 30. e7+ Kh8 31. Ba4 Qg8 32. Qxg8+ Kxg8 33.
e8=Q+ Bxe8 34. Bxe8 Kf8 35. Ba4 Ke7 36. Kf2 g5 37. Kf3 f5 38. Bc2 Ke6 39. g4
fxg4+ 40. Kxg4 h6 41. Kh5 Ke5 42. Kxh6 g4 43. Kg5 1-0

[Event "FRA T I 120102011"]
[Site "FRA"]
[Date "2010.11.14"]
[Round "3.7"]
[White "Penalver, Frederic"]
[Black "Mollard, Bernard"]
[Result "1/2-1/2"]
[WhiteElo "1969"]
[BlackElo "1944"]
[PlyCount "86"]
[EventDate "2010.10.17"]
[EventType "team-match"]
[EventRounds "9"]
[EventCountry "FRA"]
[Source "FFE"]
[SourceDate "2010.10.29"]
[WhiteTeamCountry "FRA"]
[BlackTeamCountry "FRA"]

1. e4 d6 2. d4 g6 3. Nc3 Bg7 4. Bf4 Nc6 5. Nf3 Bg4 6. Bb5 a6 7. Bxc6+ bxc6 8.
Qd2 f6 9. Ng1 e5 10. Be3 Ne7 11. d5 cxd5 12. Nxd5 Be6 13. c4 O-O 14. Ne2 f5 15.
Bg5 Bxd5 16. cxd5 fxe4 17. Nc3 Qd7 18. Nxe4 Nf5 19. Qc3 Nd4 20. f3 Qb5 21. Ng3
Qb7 22. Be3 Qxd5 23. Ne2 c5 24. Qd2 Qc4 25. b3 Qc2 26. Bxd4 Qxd2+ 27. Kxd2 cxd4
28. Rae1 Rac8 29. Kd3 d5 30. Rc1 Bh6 31. Rxc8 Rxc8 32. f4 e4+ 33. Kxd4 Rc2 34.
Ke3 Rxa2 35. Rd1 g5 36. Rxd5 gxf4+ 37. Nxf4 Bxf4+ 38. Kxf4 Rxg2 39. Rd8+ Kg7
40. Rd7+ Kh6 41. Rd6+ Rg6 42. Rxg6+ Kxg6 43. Kxe4 Kh5 1/2-1/2

[Event "FRA T I 120102011"]
[Site "FRA"]
[Date "2010.11.14"]
[Round "3.1"]
[White "Rouler, Charly"]
[Black "De Marchi, Olivier"]
[Result "1-0"]
[WhiteElo "2307"]
[BlackElo "2250"]
[PlyCount "85"]
[EventDate "2010.10.17"]
[EventType "team-match"]
[EventRounds "9"]
[EventCountry "FRA"]
[Source "FFE"]
[SourceDate "2010.10.29"]
[WhiteTeamCountry "FRA"]
[BlackTeamCountry "FRA"]

1. d4 Nf6 2. c4 g6 3. g3 Bg7 4. Bg2 O-O 5. Nf3 d6 6. O-O Nc6 7. Nc3 a6 8. d5
Na5 9. b3 Rb8 10. Bb2 c5 11. dxc6 bxc6 12. Qd2 c5 13. Rad1 Qb6 14. Ba1 Bb7 15.
Qc2 Rfc8 16. e4 e5 17. Nd5 Nxd5 18. exd5 Re8 19. Nd2 Bc8 20. f4 Bf5 21. Qc1 Nb7
22. Rde1 Re7 23. Nf3 Rbe8 24. Nh4 Bd3 25. Rf2 exf4 26. Rxe7 Rxe7 27. Bxg7 fxg3
28. hxg3 Kxg7 29. Qc3+ Kg8 30. Qxd3 Qd8 31. Nf3 Qe8 32. Bf1 Nd8 33. Re2 Kg7 34.
Kf2 h6 35. Qc3+ f6 36. Rxe7+ Qxe7 37. Qe3 Qd7 38. Bd3 Qg4 39. Qe4 Qh5 40. g4
Qh1 41. Qxg6+ Kf8 42. Qxf6+ Nf7 43. Bg6 1-0

[Event "FRA T I 120102011"]
[Site "FRA"]
[Date "2010.10.17"]
[Round "1.5"]
[White "Dubreuil, Julien"]
[Black "Bonnamour, Matthieu"]
[Result "0-1"]
[WhiteElo "2195"]
[BlackElo "2103"]
[PlyCount "84"]
[EventDate "2010.10.17"]
[EventType "team-match"]
[EventRounds "9"]
[EventCountry "FRA"]
[Source "FFE"]
[SourceDate "2010.10.29"]
[WhiteTeamCountry "FRA"]
[BlackTeamCountry "FRA"]

1. g3 g6 2. Bg2 Bg7 3. c4 d6 4. d4 Nd7 5. Nf3 e5 6. Nc3 Ne7 7. O-O O-O 8. e4
exd4 9. Nxd4 Nc6 10. Be3 Nde5 11. Nxc6 bxc6 12. c5 Ba6 13. Re1 Nd3 14. Re2 Nxc5
15. Rd2 Nd7 16. Qa4 Bb7 17. Qb3 Qb8 18. Bh3 Ne5 19. Rdd1 Bc8 20. Bxc8 Qxc8 21.
Kg2 Qg4 22. Rdb1 Qf3+ 23. Kg1 Ng4 24. Qd1 Qxd1+ 25. Nxd1 Nxe3 26. Nxe3 Rab8 27.
Nd1 Rb4 28. f3 Bd4+ 29. Kf1 Rfb8 30. Rc1 c5 31. Rc2 Bxb2 32. Nxb2 Rxb2 33. Rac1
f6 34. Ke2 Kf7 35. Kd3 Ke6 36. h4 R8b4 37. Ke3 a5 38. g4 a4 39. g5 f5 40. exf5+
Kxf5 41. Rxb2 Rxb2 42. Rc4 Rb4 0-1

[Event "FRA T I 120102011"]
[Site "FRA"]
[Date "2010.11.13"]
[Round "2.5"]
[White "Lallement, Victor"]
[Black "Alessandri, Pascal"]
[Result "1-0"]
[WhiteElo "2102"]
[BlackElo "1947"]
[PlyCount "83"]
[EventDate "2010.10.17"]
[EventType "team-match"]
[EventRounds "9"]
[EventCountry "FRA"]
[Source "FFE"]
[SourceDate "2010.10.29"]
[WhiteTeamCountry "FRA"]
[BlackTeamCountry "FRA"]

1. e4 g6 2. d4 Bg7 3. Bc4 d6 4. Nf3 Nf6 5. Qe2 O-O 6. Nc3 c6 7. Bb3 Bg4 8. h3
Bxf3 9. Qxf3 Nbd7 10. Be3 e5 11. g4 Qe7 12. O-O-O b5 13. g5 Nh5 14. d5 b4 15.
dxc6 bxc3 16. cxd7 cxb2+ 17. Kb1 Nf4 18. Bxf4 exf4 19. Qxf4 Be5 20. Qd2 Qxd7
21. f4 Bg7 22. Qxd6 Qxd6 23. Rxd6 a5 24. a4 Rfd8 25. Rhd1 Rxd6 26. Rxd6 Bc3 27.
Rd7 Rb8 28. Bxf7+ Kf8 29. Bb3 Rb4 30. Rd3 Bg7 31. f5 Be5 32. c4 Rb6 33. Rd5 Bc3
34. Bc2 Rb7 35. f6 Kf7 36. c5 Rc7 37. Bb3 Ke8 38. Bc4 h6 39. Rd3 Bb4 40. f7+
Rxf7 41. Bxf7+ Kxf7 42. c6 1-0

[Event "FRA T I 120102011"]
[Site "FRA"]
[Date "2010.11.13"]
[Round "2.6"]
[White "Lamure, Christophe"]
[Black "Passchier, Albert"]
[Result "1/2-1/2"]
[WhiteElo "1940"]
[BlackElo "1910"]
[PlyCount "84"]
[EventDate "2010.10.17"]
[EventType "team-match"]
[EventRounds "9"]
[EventCountry "FRA"]
[Source "FFE"]
[SourceDate "2010.10.29"]
[WhiteTeamCountry "FRA"]
[BlackTeamCountry "FRA"]

1. d4 g6 2. c4 f5 3. Nf3 Nf6 4. Nc3 Bg7 5. e3 e6 6. Be2 d6 7. Qc2 Nbd7 8. O-O
O-O 9. Rd1 d5 10. b3 c6 11. Ng5 Re8 12. Nh3 Qe7 13. Bb2 h6 14. f3 dxc4 15. bxc4
e5 16. dxe5 Nxe5 17. Nf2 Qf7 18. e4 Nxc4 19. Bc1 fxe4 20. Ncxe4 Nxe4 21. Bxc4
Be6 22. Bxe6 Qxe6 23. Nxe4 Bxa1 24. Bxh6 Be5 25. Ng5 Bd4+ 26. Kf1 Qd6 27. Qc4+
Qd5 28. Qxd4 Qxd4 29. Rxd4 Rad8 30. Ra4 a6 31. Ne4 Re5 32. Kf2 Rb5 33. Bf4 Kf8
34. h4 Rdd5 35. Bc7 Ke7 36. Nc3 Rb2+ 37. Ke3 Rd7 38. Bf4 Rxg2 39. Ne4 Rb2 40.
Bg5+ Kf7 41. Nc5 Rd5 42. Nd3 Rbb5 1/2-1/2

[Event "FRA T I 120102011"]
[Site "FRA"]
[Date "2010.11.13"]
[Round "2.1"]
[White "De Marchi, Olivier"]
[Black "Kosten, Anthony C"]
[Result "1-0"]
[WhiteElo "2250"]
[BlackElo "2514"]
[PlyCount "81"]
[EventDate "2010.10.17"]
[EventType "team-match"]
[EventRounds "9"]
[EventCountry "FRA"]
[Source "FFE"]
[SourceDate "2010.10.29"]
[WhiteTeamCountry "FRA"]
[BlackTeamCountry "FRA"]

1. d4 Nf6 2. c4 e6 3. g3 d5 4. Bg2 Bb4+ 5. Bd2 Bd6 6. Qc2 c6 7. Nc3 O-O 8. e4
e5 9. dxe5 Bxe5 10. cxd5 cxd5 11. exd5 Bxc3 12. Bxc3 Bg4 13. Ne2 Re8 14. f3
Qxd5 15. Bxf6 gxf6 16. Rd1 Qa5+ 17. Qd2 Qxd2+ 18. Rxd2 Be6 19. b3 Bd7 20. Kf2
a5 21. Rc1 Bc6 22. Nd4 Rd8 23. Rcd1 Be8 24. f4 Nc6 25. Nxc6 Rxd2+ 26. Rxd2 bxc6
27. Rd6 Kg7 28. Ke3 Rb8 29. Kd4 a4 30. Kc4 axb3 31. axb3 Rb6 32. b4 f5 33. Rd4
Kf8 34. Kc5 Rb5+ 35. Kd6 Rb6 36. Rc4 Ra6 37. Bxc6 Bxc6 38. Rxc6 Ra2 39. b5 Rxh2
40. b6 Rb2 41. Kc7 1-0

[Event "FRA T I 120102011"]
[Site "FRA"]
[Date "2010.11.14"]
[Round "3.7"]
[White "Fantin, Alison"]
[Black "Clavel, Carole"]
[Result "0-1"]
[WhiteElo "1894"]
[BlackElo "1874"]
[PlyCount "82"]
[EventDate "2010.10.17"]
[EventType "team-match"]
[EventRounds "9"]
[EventCountry "FRA"]
[Source "FFE"]
[SourceDate "2010.10.29"]
[WhiteTeamCountry "FRA"]
[BlackTeamCountry "FRA"]

1. e4 g6 2. d4 Bg7 3. f3 d6 4. Nc3 Nd7 5. Nge2 c5 6. Be3 b6 7. Qd2 Ba6 8. h4 h5
9. Ng3 Bxf1 10. Nxf1 a6 11. Ng3 Ngf6 12. a4 cxd4 13. Bxd4 Nc5 14. Be3 Qc7 15.
Nge2 Rc8 16. Nd4 Nfd7 17. Nd5 Qb8 18. Nc3 Ne5 19. b3 Ncd7 20. Rc1 O-O 21. O-O
Bf6 22. Bf2 Nc6 23. Nxc6 Rxc6 24. Nd5 Rfc8 25. Nxf6+ Nxf6 26. Bd4 e5 27. Be3
Qc7 28. c4 Nd7 29. Bh6 f6 30. Qd1 Kh7 31. Be3 Nc5 32. Rb1 Qe7 33. Qd2 Ne6 34.
Rfd1 f5 35. exf5 gxf5 36. Qd5 Rf8 37. Bf2 Nf4 38. Qd2 Rg8 39. g3 Qxh4 40. Kf1
Qh3+ 41. Kg1 Qg2# 0-1

[Event "FRA T I 120102011"]
[Site "FRA"]
[Date "2010.11.13"]
[Round "2.8"]
[White "Jacquemot, Nadege"]
[Black "Penalver, Marion"]
[Result "0-1"]
[WhiteElo "1560"]
[BlackElo "1835"]
[PlyCount "82"]
[EventDate "2010.10.17"]
[EventType "team-match"]
[EventRounds "9"]
[EventCountry "FRA"]
[Source "FFE"]
[SourceDate "2010.10.29"]
[WhiteTeamCountry "FRA"]
[BlackTeamCountry "FRA"]

1. e4 c5 2. Nf3 Nc6 3. d4 cxd4 4. Nxd4 Nf6 5. Nc3 e5 6. Ndb5 d6 7. Bg5 a6 8.
Bxf6 gxf6 9. Na3 b5 10. Nd5 Be6 11. Be2 Bg7 12. O-O O-O 13. c4 bxc4 14. Nxc4
Nd4 15. Nce3 Kh8 16. f4 Bh6 17. f5 Bc8 18. Nc2 Bb7 19. Nxd4 Bxd5 20. exd5 Be3+
21. Kh1 Bxd4 22. Qd2 Rg8 23. Rac1 a5 24. b3 Bc5 25. Qh6 Rb8 26. Rc3 Rb4 27. Rh3
Rg7 28. Bc4 a4 29. Rff3 Rb8 30. Rfg3 Qf8 31. Rg4 axb3 32. axb3 Ra8 33. g3 Ra1+
34. Kg2 Ra2+ 35. Kf3 Rf2+ 36. Ke4 Rxg4+ 37. Kd3 Qxh6 38. Rxh6 Kg7 39. Rh5 e4+
40. Kc3 e3 41. Bd3 Bb4# 0-1

[Event "FRA T I 120102011"]
[Site "FRA"]
[Date "2010.10.17"]
[Round "1.3"]
[White "Farnault, Eric"]
[Black "Merieux, Christophe"]
[Result "1-0"]
[WhiteElo "2065"]
[BlackElo "2073"]
[PlyCount "78"]
[EventDate "2010.10.17"]
[EventType "team-match"]
[EventRounds "9"]
[EventCountry "FRA"]
[Source "FFE"]
[SourceDate "2010.10.29"]
[WhiteTeamCountry "FRA"]
[BlackTeamCountry "FRA"]

1. e4 c6 2. Nf3 d5 3. Nc3 dxe4 4. Nxe4 Bf5 5. Ng3 Bg6 6. h4 h6 7. Ne5 Qd6 8. d4
Nd7 9. Nxg6 Qxg6 10. Bd3 Qe6+ 11. Be3 Ngf6 12. O-O Qd6 13. c4 e6 14. Re1 Be7
15. Qf3 O-O-O 16. Rad1 g5 17. h5 Qc7 18. c5 Rhf8 19. b4 Nd5 20. b5 g4 21. Qe2
Nc3 22. Qb2 Nxd1 23. Rxd1 f5 24. bxc6 Qxc6 25. Bb5 Qd5 26. c6 Nb6 27. Bxh6 Rf7
28. Ne2 Bf6 29. Rc1 Rc7 30. Bf4 e5 31. dxe5 Bg7 32. cxb7+ Kxb7 33. Rxc7+ Kxc7
34. e6+ Be5 35. Bxe5+ Kb7 36. e7 Qd1+ 37. Kh2 g3+ 38. Bxg3 Rc8 39. Qe5 Qc2 1-0

[Event "FRA T I 120102011"]
[Site "FRA"]
[Date "2010.10.17"]
[Round "1.2"]
[White "Henneteau, Olivier"]
[Black "De Marchi, Olivier"]
[Result "1/2-1/2"]
[WhiteElo "2113"]
[BlackElo "2253"]
[PlyCount "78"]
[EventDate "2010.10.17"]
[EventType "team-match"]
[EventRounds "9"]
[EventCountry "FRA"]
[Source "FFE"]
[SourceDate "2010.10.29"]
[WhiteTeamCountry "FRA"]
[BlackTeamCountry "FRA"]

1. d4 Nf6 2. c4 g6 3. Nc3 Bg7 4. e4 d6 5. f3 O-O 6. Bg5 a6 7. Qd2 Nbd7 8. Nge2
c5 9. d5 b5 10. cxb5 Ne5 11. Ng3 axb5 12. Bxb5 Ba6 13. O-O Qa5 14. a4 Nc4 15.
Qe2 Bxb5 16. Nxb5 Nb6 17. Bd2 Qa6 18. b3 Rfc8 19. a5 c4 20. axb6 Qxb6+ 21. Be3
Qxb5 22. Rxa8 Rxa8 23. bxc4 Qb3 24. c5 Ra2 25. Qe1 dxc5 26. Bxc5 Nd7 27. Bf2
Ne5 28. Qd1 Qc4 29. d6 exd6 30. Qxd6 Nd3 31. Qd8+ Bf8 32. h4 Qc2 33. Nh1 Kg7
34. Bd4+ Kg8 35. Nf2 Nxf2 36. Bxf2 h6 37. Qd1 Qb2 38. Qc1 Qe2 39. Qd1 Qb2
1/2-1/2

[Event "FRA T I 120102011"]
[Site "FRA"]
[Date "2010.10.17"]
[Round "1.4"]
[White "Etienne, Berenger"]
[Black "Blanc, Sebastien"]
[Result "0-1"]
[WhiteElo "2001"]
[BlackElo "2101"]
[PlyCount "75"]
[EventDate "2010.10.17"]
[EventType "team-match"]
[EventRounds "9"]
[EventCountry "FRA"]
[Source "FFE"]
[SourceDate "2010.10.29"]
[WhiteTeamCountry "FRA"]
[BlackTeamCountry "FRA"]

1. e4 c5 2. c3 Nf6 3. e5 Nd5 4. d4 cxd4 5. cxd4 d6 6. Bc4 Nb6 7. Bd3 Nc6 8.
exd6 Qxd6 9. Be3 g6 10. h3 Bg7 11. Ne2 O-O 12. Be4 Rd8 13. Bxc6 Qxc6 14. O-O e5
15. Qd2 Nc4 16. Qc3 Nxe3 17. fxe3 exd4 18. exd4 Qe4 19. Re1 Be6 20. Nd2 Bxd4+
21. Nxd4 Qxd4+ 22. Qxd4 Rxd4 23. Nf3 Rd5 24. Rac1 Rad8 25. Kh2 Rb5 26. b3 Kg7
27. Re2 Rbd5 28. Rc3 h6 29. Re4 R5d6 30. Rb4 Bd5 31. Ne5 Re6 32. Ng4 Re2 33.
Rd3 Rde8 34. a3 h5 35. Rbd4 Bc6 36. b4 hxg4 37. Rxg4 R8e3 38. Rxe3 0-1

[Event "FRA T I 120102011"]
[Site "FRA"]
[Date "2010.11.14"]
[Round "3.6"]
[White "Colovray, Anthony"]
[Black "Lallement, Victor"]
[Result "1/2-1/2"]
[WhiteElo "1985"]
[BlackElo "2102"]
[PlyCount "73"]
[EventDate "2010.10.17"]
[EventType "team-match"]
[EventRounds "9"]
[EventCountry "FRA"]
[Source "FFE"]
[SourceDate "2010.10.29"]
[WhiteTeamCountry "FRA"]
[BlackTeamCountry "FRA"]

1. b4 Nf6 2. Bb2 e6 3. a3 d5 4. e3 c6 5. Nf3 Bd6 6. c4 Nbd7 7. d4 Qe7 8. c5 Bc7
9. Nbd2 e5 10. dxe5 Nxe5 11. Be2 O-O 12. Nxe5 Bxe5 13. Bxe5 Qxe5 14. O-O Bf5
15. Nf3 Qe7 16. Nd4 Bg6 17. Rc1 Rfc8 18. h3 a5 19. Qb3 Ne4 20. Rcd1 axb4 21.
axb4 Ra7 22. Ra1 Rxa1 23. Rxa1 Qh4 24. f3 Qf2+ 25. Kh2 Qg3+ 26. Kg1 Qf2+ 27.
Kh2 Ng3 28. Ra2 Qe1 29. Qb2 Re8 30. Qd2 Qxd2 31. Rxd2 Nxe2 32. Rxe2 h5 33. Kg3
Ra8 34. Rb2 Ra3 35. Kf2 Rc3 36. h4 Bd3 37. Kg3 1/2-1/2

[Event "FRA T I 120102011"]
[Site "FRA"]
[Date "2010.10.17"]
[Round "1.3"]
[White "Cursoux, Laurent"]
[Black "Randisi, Alexandre"]
[Result "1-0"]
[WhiteElo "2233"]
[BlackElo "2119"]
[PlyCount "73"]
[EventDate "2010.10.17"]
[EventType "team-match"]
[EventRounds "9"]
[EventCountry "FRA"]
[Source "FFE"]
[SourceDate "2010.10.29"]
[WhiteTeamCountry "FRA"]
[BlackTeamCountry "FRA"]

1. c4 g6 2. Nc3 Bg7 3. Nf3 c5 4. g3 Nc6 5. Bg2 e6 6. e4 Nge7 7. O-O O-O 8. d3
a6 9. Be3 d6 10. Qd2 Nd4 11. Ne2 Nxe2+ 12. Qxe2 Bd7 13. d4 cxd4 14. Bxd4 e5 15.
Bc3 Bg4 16. Qd3 Bxf3 17. Bxf3 Qc7 18. Rad1 Rfe8 19. Bb4 Rad8 20. Bxd6 Qc6 21.
c5 Nc8 22. Qd5 Nxd6 23. Qxc6 bxc6 24. cxd6 h5 25. Rd3 Rd7 26. Rc1 Rb8 27. Rxc6
Rxb2 28. Rxa6 Bf8 29. Bd1 Rb4 30. f3 f6 31. Ba4 Rxd6 32. Rdxd6 Bxd6 33. Bb3+
Rxb3 34. axb3 Bc5+ 35. Kf1 Kf7 36. Rc6 Bd4 37. b4 1-0

[Event "FRA T I 120102011"]
[Site "FRA"]
[Date "2010.11.14"]
[Round "3.4"]
[White "Donon, Robin"]
[Black "Obringer, Jean Marc"]
[Result "0-1"]
[WhiteElo "2024"]
[BlackElo "2038"]
[PlyCount "74"]
[EventDate "2010.10.17"]
[EventType "team-match"]
[EventRounds "9"]
[EventCountry "FRA"]
[Source "FFE"]
[SourceDate "2010.10.29"]
[WhiteTeamCountry "FRA"]
[BlackTeamCountry "FRA"]

1. e4 e6 2. d3 d5 3. Nd2 Nf6 4. Ngf3 Be7 5. g3 c5 6. Bg2 Nc6 7. O-O b5 8. e5
Nd7 9. Re1 Qc7 10. Qe2 a5 11. c3 Ba6 12. h4 a4 13. Nf1 h6 14. Bf4 Qa5 15. Rac1
c4 16. d4 b4 17. N3h2 a3 18. bxa3 bxc3 19. Qg4 g6 20. h5 g5 21. Be3 Qxa3 22.
Rc2 Nb4 23. Bc1 Qa5 24. Rxc3 Nd3 25. Rxd3 cxd3 26. Bd2 Bb4 27. Bxb4 Qxb4 28.
Re3 Bc4 29. f4 Qe7 30. Nd2 Rxa2 31. Nxc4 dxc4 32. d5 d2 33. Nf1 Ra1 34. Bf3 Qc5
35. Bd1 Qxd5 36. fxg5 hxg5 37. Bf3 Qc5 0-1

[Event "FRA T I 120102011"]
[Site "FRA"]
[Date "2010.11.13"]
[Round "2.7"]
[White "Sebbah, Julien"]
[Black "Lorieux, Christian"]
[Result "0-1"]
[WhiteElo "1948"]
[BlackElo "1987"]
[PlyCount "74"]
[EventDate "2010.10.17"]
[EventType "team-match"]
[EventRounds "9"]
[EventCountry "FRA"]
[Source "FFE"]
[SourceDate "2010.10.29"]
[WhiteTeamCountry "FRA"]
[BlackTeamCountry "FRA"]

1. d4 f5 2. c4 Nf6 3. g3 g6 4. Bg2 Bg7 5. Nf3 O-O 6. O-O d6 7. Nc3 Nc6 8. d5
Ne5 9. Nxe5 dxe5 10. e4 f4 11. f3 g5 12. g4 h5 13. h3 Qd6 14. Na4 Bd7 15. c5
Qa6 16. b3 hxg4 17. hxg4 b5 18. Qe2 Qa5 19. Bd2 b4 20. c6 Bc8 21. Rfc1 Ba6 22.
Qe1 Qb5 23. Bxb4 Nxg4 24. fxg4 f3 25. Bf1 f2+ 26. Qxf2 Qxb4 27. Qe3 Bxf1 28.
Rxf1 Rf4 29. Nc5 Raf8 30. Ne6 Rxg4+ 31. Kh2 Rh4+ 32. Kg3 Rff4 33. Nxg5 Rhg4+
34. Kh3 Rxg5 35. Rxf4 exf4 36. Qxf4 Qc3+ 37. Kh4 Bf6 0-1

[Event "FRA T I 120102011"]
[Site "FRA"]
[Date "2010.11.13"]
[Round "2.7"]
[White "Tonnaire, Christophe"]
[Black "Darcet, Bruno"]
[Result "1/2-1/2"]
[WhiteElo "1997"]
[BlackElo "1877"]
[PlyCount "73"]
[EventDate "2010.10.17"]
[EventType "team-match"]
[EventRounds "9"]
[EventCountry "FRA"]
[Source "FFE"]
[SourceDate "2010.10.29"]
[WhiteTeamCountry "FRA"]
[BlackTeamCountry "FRA"]

1. e4 c5 2. Nf3 e6 3. d4 cxd4 4. Nxd4 a6 5. c4 Nf6 6. Nc3 Qc7 7. Bd3 Bc5 8. Nb3
Be7 9. f4 d6 10. O-O Nbd7 11. Be3 b6 12. Qe2 Bb7 13. a4 Nc5 14. Nxc5 bxc5 15.
Bf2 Nd7 16. Bg3 O-O 17. e5 dxe5 18. fxe5 Rad8 19. Rf2 Nb8 20. Raf1 Bg5 21. Bf4
Bxf4 22. Rxf4 Rd4 23. Rxd4 cxd4 24. Ne4 Bxe4 25. Qxe4 g6 26. Qxd4 Rd8 27. Qc3
Qc5+ 28. Kh1 Nc6 29. Re1 Rd4 30. Bf1 a5 31. Qe3 Nb4 32. Qf3 Nc6 33. Qe3 Nb4 34.
Qf2 Nc6 35. Qe3 Nb4 36. Qc3 Nc6 37. Qe3 1/2-1/2

[Event "FRA T I 120102011"]
[Site "FRA"]
[Date "2010.11.14"]
[Round "3.8"]
[White "Martinovic, Gordana"]
[Black "Pivard, Elsa"]
[Result "1-0"]
[WhiteElo "1597"]
[BlackElo "1674"]
[PlyCount "71"]
[EventDate "2010.10.17"]
[EventType "team-match"]
[EventRounds "9"]
[EventCountry "FRA"]
[Source "FFE"]
[SourceDate "2010.10.29"]
[WhiteTeamCountry "FRA"]
[BlackTeamCountry "FRA"]

1. d4 c6 2. Nf3 d5 3. h3 Bf5 4. Bf4 Nd7 5. Nbd2 Ngf6 6. e3 g6 7. Nh4 Be6 8. Be2
Bg7 9. g4 h6 10. Bh2 Ne4 11. f4 Bf6 12. Ng2 h5 13. Nxe4 dxe4 14. c4 Nb6 15. Qc2
Qd7 16. f5 gxf5 17. gxh5 f4 18. Bxf4 Bxh3 19. Qxe4 Bg4 20. Be5 Bxe2 21. Bxf6
Rh6 22. Kxe2 Rxf6 23. h6 O-O-O 24. h7 Rh8 25. Rag1 Qe8 26. Qg4+ e6 27. Nf4 Qe7
28. Qg8+ Rxg8 29. Rxg8+ Kc7 30. h8=Q Nxc4 31. Qh2 Kb6 32. Qh4 e5 33. Nh5 exd4
34. Qxd4+ Kb5 35. Nxf6 c5 36. Qd7+ 1-0